000 01249nam a22002537a 4500
005 20081106145440.0
008 081106t xxu||||| |||| 00| 0 ur d
010 _aUR-7436
020 _a8182233194
_c150.00
035 _aU-5991
037 _bD.B.Act / Pub
082 _a841.08
100 _aامتياز علی عر شی
245 _aقا آنیء ہند آصفی رام پوری:شخصيت اور شا عری
_cمرتبہ :اخلاق احمد آہن
_bشخصيت اور شاعری
246 _aQa"ani-e-Hind Asefi Rampuri;Shakhsiat aur Shairi
_b by Imteyaz Ali Arshi :edited by A khlaque Ahmad Ahan
260 _aدھلی
_bايجو کيشنل پبليشنگ ہا ؤس
_c2007
270 _a3108،وکيل اسٹر يٹ کو چہ پنڈ ت لال کنو اں
_bدھلی
_e110006
_k23216162
_l009101123211540
_minfo@phbooks.com,ephdelhi@yahoo.com
300 _a184p.
_c22 cm (Pbk)
650 _a Critical Poetry
650 _aتنقيدی شا عری
700 _aمرتبہ اخلاق احمد آہن
942 _adpl
_cUR
_2ddc
_h841.08
_mا م ت
999 _c7244
_d7244